Jubilaciones & Pensiones (Registro nro. 54)

Detalles MARC
000 -LEADER
fixed length control field 01981 a2200241 4500
001 - CONTROL NUMBER
control field 76
005 - DATE AND TIME OF LATEST TRANSACTION
control field 20260407155407.0
008 - FIXED-LENGTH DATA ELEMENTS--GENERAL INFORMATION
fixed length control field 260407a2008 arg spa d
003 - CONTROL NUMBER IDENTIFIER
control field AR-UNSa-BCEJYS
040 ## - CATALOGING SOURCE
Original cataloging agency AR-UNSa-BCEJYS
Language of cataloging spa
Transcribing agency AR-UNSa-BCEJYS
080 ## - UNIVERSAL DECIMAL CLASSIFICATION NUMBER
Universal Decimal Classification number 369.5
Common auxiliary subdivision Seguro de vejez (de jubilación)
020 ## - INTERNATIONAL STANDARD BOOK NUMBER
International Standard Book Number 978-987-01-0819-1
041 ## - LANGUAGE CODE
Language code of text/sound track or separate title spa
100 1# - MAIN ENTRY--PERSONAL NAME
Personal name Lodi-Fe, María Delia
245 10 - TITLE STATEMENT
Title Jubilaciones & Pensiones
250 ## - EDITION STATEMENT
Edition statement 1a. ed
264 #1 - PRODUCTION, PUBLICATION, DISTRIBUTION, MANUFACTURE, AND COPYRIGHT NOTICE
Place of production, publication, distribution, manufacture Buenos Aires :
Name of producer, publisher, distributor, manufacturer Errepar
Date of production, publication, distribution, manufacture, or copyright notice 2008
300 ## - PHYSICAL DESCRIPTION
Extent 591 p.
Dimensions 27 cm.
520 ## - SUMMARY, ETC.
Summary, etc. 1. Sistema integrado de jubilaciones y pensiones - 2. Ambito de aplicación personal del SIJP - 3. Organos de gestión y contralor - 4. Obligaciones de los empleadores, de los afiliados y de los beneficiarios - 5. Prestaciones del sistema integrado de jubilaciones y pensiones. Generalidades - 6. Prestaciones por vejez - 7. Retiro por invalidez - 8. Prestación por edad avanzada (PEA) - 9. Pensión por fallecimiento - 10. Asignaciones familiares de beneficiarios del sistema integrado de jubilaciones y pensiones - 11. Regímenes diferenciales en el sistema integrado de jubilaciones y pensiones - 12. Deuda por aportes autónomos. Innovación de beneficios - 13. Probatoria de servicios desempeñados por el afiliado - 14. Organismo competente para el otorgamiento de las prestaciones - 15. Regímenes especiales - 16. Ley de riesgos del trabajo y prestaciones previsionales - 17. Iniciación de las prestaciones - 18. Modalidades de pago de las prestaciones del régimen de capitalización - 19. Pago de las prestaciones previsionales - 20. Procedimiento administrativo y judicial - 21. Prestación anticipada por desempleo (PAD) y regularización deuda autónoma para solicitar prestación previsional - 22. Práctica derecho a las prestaciones<br/>
590 ## - LOCAL NOTE (RLIN)
Local note niveau_biblio:m niveau_hierar:0
856 41 - ELECTRONIC LOCATION AND ACCESS
Uniform Resource Identifier <a href="https://biblioeco.unsa.edu.ar/pmb/images/libros/Jubilaciones & Pensiones-117373.jpg">https://biblioeco.unsa.edu.ar/pmb/images/libros/Jubilaciones & Pensiones-117373.jpg</a>
Link text Imagen de portada
Electronic format type image/jpeg
942 ## - ADDED ENTRY ELEMENTS (KOHA)
Koha item type
Existencias
Withdrawn status Lost status Damaged status Not for loan Home library Current library Shelving location Date acquired Total checkouts Full call number Barcode Date last seen Price effective from Koha item type
        Biblioteca Prof. Eusebio Cleto del Rey Biblioteca Prof. Eusebio Cleto del Rey   07/04/2026   369.5 L823 L117373 07/04/2026 07/04/2026 Libro